000 01083nac a22003497a 4500
001 BR2014006143
003 BR-BrBNA
005 20240105124017.0
008 230509b bl.|||m| |||| 00| 0 por d
040 _aBR-BrBNA
_bpor
_cBiblioteca Nacional de Agricultura
072 _aF07; A50; A01
090 _a0336 BR2014006143
100 1 _aDebiasi, H.
100 1 _aFranchini, J.C.
100 1 _aConte, O.
100 1 _aBalbinot Junior, A.A.
100 1 _aTorres, E.
100 1 _aSaraiva, O.F.
100 1 _aOliveira, M.C.M. de
110 1 _aEMBRAPA Soja, Londrina, PR (Brasil)
245 1 _aSistemas de preparo do solo: trinta anos de pesquisas na EMBRAPA Soja
260 3 _aLondrina, PR (Brasil):
_c2013.
300 _a70 p.
490 _aDocumentos - EMBRAPA Soja (Brazil)
_vno. 342
_xISSN 1516-781X
500 _a13 illus.; 18 tables; Bibliography p. 63-70
650 _aMANEJO DO SOLO
650 _aSOJA
650 _aPESQUISA AGRÍCOLA
650 _aAGRICULTURA SUSTENTAVÉL
909 _a202312
_bLúcia Elande
_c55
_dLúcia Elande
942 _2AGRIS
_n0
_cMS
999 _c297968
_d297968